000 00983 a2200253 4500
999 _c10884
_d10884
020 _a0797431497
050 _aJS 7642.2
_bACP 2006
100 _aACPD Bookteam
_eauthor
245 _a Sowing our seeds :
_bstrengthening citizen participation in local decision-making/
_cACPD Bookteam
264 _aFingerprint Co-operative Ltd.:
_bCape Town,
_c2006
300 _a136 pages :
_b illustrations ; 21 cm
336 _2rda content
_atext
_btxt
337 _2rda media
_aunmediated
_bn
338 _2rda carrier
_avolume
_bnc
500 _a"Produced by: Africa Community Publishing and Development Trust." "ACPD-Bookteam."
504 _aIncludes acknowledgements
650 _aHandbooks and manuals
650 _a Local government Africa Citizen participation
650 _a Rural development Africa Handbooks, manual
650 _aLocal government
700 _aAfrica Community Publishing
_eauthor
700 _aDevelopment Trust
_eauthor
942 _2lcc
_cBK
_h7642.2
_iACP
_kJS